|
|
|
|
| LEADER |
00000nam0a2200000 4500 |
| 001 |
26732 |
| 005 |
20231101205740.0 |
| 010 |
|
|
|a 5724511630
|
| 035 |
|
|
|a (RuTPU)RU\TPU\book\26976
|
| 035 |
|
|
|a BOOK00027051
|
| 090 |
|
|
|a 26732
|
| 100 |
|
|
|a 20011209d2000 m y0rusy50 ca
|
| 101 |
0 |
|
|a rus
|
| 102 |
|
|
|a RU
|
| 105 |
|
|
|a а j 001zy
|
| 200 |
1 |
|
|a Химические свойства неорганических веществ
|e учебное пособие
|f Р. А. Лидин, В. А. Молочко, Л. Л. Андреева; Под ред. Р. А. Лидина
|
| 205 |
|
|
|a 3-е изд., испр.
|
| 210 |
|
|
|a Москва
|c Химия
|d 2000
|
| 215 |
|
|
|a 480 с.
|c ил.
|
| 320 |
|
|
|a Библиогр.: с. 466-467.
|
| 451 |
|
1 |
|0 (RuTPU)RU\TPU\book\75849
|y 5-9532-0095-1
|t Химические свойства неорганических веществ
|o учебное пособие
|f Р. А. Лидин, В. А. Молочко, Л. Л. Андреева
|g Под ред. Р. А. Лидина
|e 4-е изд., стер.
|c М.
|n КолосС
|d 2003
|p 480 с.
|a Лидин, Ростислав Александрович
|
| 451 |
|
1 |
|0 (RuTPU)RU\TPU\book\916
|y 5-7245-0948-2
|t Химические свойства неорганических веществ
|o учебное пособие для вузов
|f Р. А. Лидин, В. А. Молочко, Л. Л. Андреева
|c М.
|n Химия
|d 1996
|p 480 с.
|s Учебники и учебные пособия для студентов высших учебных заведений
|a Лидин, Ростислав Александрович
|
| 606 |
1 |
|
|a Неорганические вещества
|x Химические свойства
|2 stltpush
|3 (RuTPU)RU\TPU\subj\73234
|9 86356
|
| 610 |
1 |
|
|a химия
|
| 610 |
1 |
|
|a элементы
|
| 610 |
1 |
|
|a оксиды
|
| 610 |
1 |
|
|a соли
|
| 610 |
1 |
|
|a соединения
|
| 610 |
1 |
|
|a учебные пособия
|
| 675 |
|
|
|a 546.04(075.8)
|v 3
|
| 700 |
|
1 |
|a Лидин
|b Р. А.
|g Ростислав Александрович
|
| 701 |
|
1 |
|a Молочко
|b В. А.
|g Вадим Александрович
|
| 701 |
|
1 |
|a Андреева
|b Л. Л.
|g Лариса Леонидовна
|
| 702 |
|
1 |
|a Лидин
|b Р. А
|4 340
|
| 801 |
|
0 |
|a RU
|b 63413507
|c 20011209
|g PSBO
|
| 801 |
|
2 |
|a RU
|b 63413507
|c 20211025
|g PSBO
|
| 900 |
|
|
|a Неорганическая химия
|
| 942 |
|
|
|c BK
|
| 952 |
|
|
|a 510500
|b 011000
|